书目信息 |
| 题名: |
变压器纸质绝缘材料
|
|
| 作者: | 陈启杰 编著 | |
| 分册: | ||
| 出版信息: | 徐州 中国矿业大学出版社 2018 |
|
| 页数: | 208页 | |
| 开本: | 25cm | |
| 丛书名: | ||
| 单 册: | ||
| 中图分类: | TM21 | |
| 科图分类: | ||
| 主题词: | 变压器--bian ya qi--绝缘材料 | |
| 电子资源: | ||
| ISBN: | 978-7-5646-4205-1 | |
| 000 | 01370nam0 2200301 450 | |
| 001 | 012001003660 | |
| 005 | 20131105095512.0 | |
| 010 | @a978-7-5646-4205-1@dCNY88.00 | |
| 099 | @aCAL 012019047755 | |
| 100 | @a20190416d2018 em y0chiy50 ea | |
| 101 | 0 | @achi |
| 102 | @aCN@b320000 | |
| 105 | @aak a 000yy | |
| 106 | @ar | |
| 200 | 1 | @a变压器纸质绝缘材料@ABian Ya Qi Zhi Zhi Jue Yuan Cai Liao@d= Paper insulating materials for transformers@f陈启杰编著@zeng |
| 210 | @a徐州@c中国矿业大学出版社@d2018 | |
| 215 | @a208页@c图@d25cm | |
| 300 | @a国家自然科学基金项目 (31500495) 资助 长沙理工大学出版资助 | |
| 314 | @a陈启杰, 男, 1980年10月生, 江西吉安人, 中共党员, 博士。 | |
| 320 | @a有书目 (第199-208页) | |
| 330 | @a本书共分为六章。第1章介绍了纸质绝缘材料的涉及领域、选择原则、现状及其发展;第2章介绍纸质绝缘材料的制造工艺、影响因素、质量标准及一次成型超厚新型纸质绝缘材料;第3章介绍了变压器纸质绝缘材料的处理及其机械、电气性能;第4章纸质绝缘材料的绝缘老化、绝缘老化程度的判断及提高绝缘老化寿命的途径;第5章介绍了纸基高性能绝缘材料NOMEX纸、新型纤维素绝缘纸、聚合物合成纤维绝缘。 | |
| 333 | @a变压器材料研究人员 | |
| 510 | 1 | @aPaper insulating materials for transformers@zeng |
| 606 | 0 | @a变压器@Abian ya qi@x绝缘材料 |
| 690 | @aTM21@v5 | |
| 701 | 0 | @a陈启杰@AChen Qijie@4编著 |
| 801 | 0 | @aCN@b上海新华@c20191020 |
| 905 | @b1206165-8@dTM21@e32@f4 | |
| 变压器纸质绝缘材料= Paper insulating materials for transformers/陈启杰编著.-徐州:中国矿业大学出版社,2018 |
| 208页:图;25cm |
| 国家自然科学基金项目 (31500495) 资助 长沙理工大学出版资助.-使用对象:变压器材料研究人员 |
| ISBN 978-7-5646-4205-1:CNY88.00 |
| 本书共分为六章。第1章介绍了纸质绝缘材料的涉及领域、选择原则、现状及其发展;第2章介绍纸质绝缘材料的制造工艺、影响因素、质量标准及一次成型超厚新型纸质绝缘材料;第3章介绍了变压器纸质绝缘材料的处理及其机械、电气性能;第4章纸质绝缘材料的绝缘老化、绝缘老化程度的判断及提高绝缘老化寿命的途径;第5章介绍了纸基高性能绝缘材料NOMEX纸、新型纤维素绝缘纸、聚合物合成纤维绝缘。 |
| ● |
| 相关链接 |
|
|
|
|
正题名:变压器纸质绝缘材料
索取号:TM21/32
 
预约/预借
| 序号 | 登录号 | 条形码 | 馆藏地/架位号 | 状态 | 备注 |
| 1 | 1206165 | 212061659 | 第二样本阅览室/ [索取号:TM21/32] | 在馆 | |
| 2 | 1206166 | 212061668 | 第三借阅区/ [索取号:TM21/32] | 在馆 | |
| 3 | 1206167 | 212061677 | 第三借阅区/ [索取号:TM21/32] | 在馆 | |
| 4 | 1206168 | 212061686 | 第三借阅区/ [索取号:TM21/32] | 在馆 |